[Event "Rated Blitz tournament uuWgpKJw"]
[Site "?"]
[Date "2021.05.30"]
[Round "?"]
[White "h1ppopotamus"]
[Black "le180878na"]
[Result "1-0"]
[WhiteElo "2543"]
[BlackElo "2301"]
[PlyCount "157"]
[EventDate "2021.??.??"]
[EventType "blitz"]

1. e4 e5 2. Nf3 d5 3. exd5 e4 4. Nd4 Qxd5 5. Nb3 Nf6 6. Nc3 Qe5 7. Be2 Bd6 8.
d4 exd3 9. Qxd3 O-O 10. Be3 Nc6 11. O-O-O Bf5 12. Qb5 Rfe8 13. Qxb7 Nb4 14. Bd3
Nxd3+ 15. cxd3 Reb8 16. Qc6 a5 17. Rhe1 a4 18. Nd4 a3 19. b3 Bg6 20. Nf3 Qh5
21. h3 Bb4 22. Qc4 Ra5 23. Re2 Nd5 24. Nxd5 Rxd5 25. Rc2 Qf5 26. Nh4 Qd7 27.
Nxg6 hxg6 28. d4 Rd8 29. Qxc7 Qxc7 30. Rxc7 Bd6 31. Rc4 Be7 32. Kc2 Bf6 33. Kd3
g5 34. g4 g6 35. Rd2 Kg7 36. b4 Be7 37. Rdc2 Rb8 38. Bd2 Rdb5 39. R2c3 Bxb4 40.
Rb3 Bxd2 41. Rxb5 Rxb5 42. Kxd2 Rb2+ 43. Rc2 Rb4 44. Kd3 Rb1 45. Kc3 Rd1 46.
Rd2 Rc1+ 47. Kb4 Rh1 48. Kxa3 Kf8 49. Kb4 Rxh3 50. Kc5 Rf3 51. d5 Ke7 52. Kc6
Kd8 53. d6 Rc3+ 54. Kd5 Ra3 55. Ke5 Ra5+ 56. Kf6 Kd7 57. Kxf7 Ra6 58. Kxg6 Ra4
59. Kxg5 Ra3 60. Kh4 Ra4 61. f4 Ra5 62. f5 Rd5 63. Rxd5 Kc6 64. Re5 Kd7 65. Re6
Kc6 66. Rf6 Kd7 67. Re6 Kc6 68. Re7 Kb6 69. Re8 Kc6 70. f6 Kd7 71. f7 Kxd6 72.
f8=Q+ Kd5 73. Qf7+ Kc5 74. Re5+ Kb4 75. Qf5 Kc3 76. Qf4 Kb2 77. Re3 Kb1 78. Qf2
Ka1 79. Re1# {Normal} 1-0

[Event "Rated Blitz game"]
[Site "?"]
[Date "2021.05.30"]
[Round "?"]
[White "sabke"]
[Black "Riders_On_The_Storm"]
[Result "1-0"]
[WhiteElo "2579"]
[BlackElo "2772"]
[PlyCount "103"]
[EventDate "2021.??.??"]
[EventType "blitz"]

1. e4 e5 2. Nf3 d5 3. Nxe5 Bd6 4. d4 dxe4 5. Nc4 Nf6 6. Nxd6+ Qxd6 7. Be2 h6 8.
Be3 Nc6 9. c4 Bf5 10. Nc3 O-O 11. O-O Rad8 12. d5 Ne5 13. Nb5 Qd7 14. Nd4 Bg4
15. h3 Bxh3 16. gxh3 Qxh3 17. Bf4 Neg4 18. Bxg4 Nxg4 19. Qb3 Qh5 20. Qg3 g5 21.
Bxc7 f5 22. Bxd8 f4 23. Qg2 Rxd8 24. f3 Ne3 25. Qh2 Qxh2+ 26. Kxh2 Nxf1+ 27.
Rxf1 e3 28. Rd1 Kf7 29. Ne6 Rd7 30. Nc5 Rd8 31. b4 b6 32. Ne4 Kg6 33. Kg2 Kf5
34. c5 g4 35. c6 e2 36. Re1 Rxd5 37. c7 gxf3+ 38. Kxf3 Rd3+ 39. Kxe2 Kxe4 40.
c8=Q Re3+ 41. Kd2 Rxe1 42. Kxe1 Kf3 43. Qh3+ Ke4 44. Qxh6 Ke3 45. Qe6+ Kd4 46.
Qf6+ Kc4 47. Qxf4+ Kb5 48. Qd4 Ka4 49. Kd2 a6 50. Kc3 b5 51. Qd5 a5 52. Qb3# {
Normal} 1-0

[Event "Rated Blitz tournament sbdUMgjJ"]
[Site "?"]
[Date "2021.05.30"]
[Round "?"]
[White "CrazyTogether"]
[Black "dr_xStranger"]
[Result "0-1"]
[WhiteElo "2646"]
[BlackElo "2496"]
[PlyCount "52"]
[EventDate "2021.??.??"]
[EventType "blitz"]

1. e4 e5 2. Nf3 d5 3. exd5 e4 4. Nd4 Nf6 5. Nc3 Nxd5 6. Bc4 Nxc3 7. dxc3 Be7 8.
Qh5 O-O 9. Bf4 g6 10. Qe2 Bf6 11. O-O-O Qe8 12. h4 h5 13. Kb1 Nc6 14. Nb5 Bg4
15. Qe3 Bxd1 16. Rxd1 Rd8 17. Re1 Qe7 18. a3 Bxh4 19. g3 Bf6 20. Nxc7 g5 21.
Nd5 Rxd5 22. Bxd5 gxf4 23. Qxf4 Qe5 24. Qh6 Bg7 25. Qd2 Rd8 26. Rd1 Kh8 {Normal
} 0-1

[Event "Rated Blitz game"]
[Site "?"]
[Date "2021.05.30"]
[Round "?"]
[White "molinov"]
[Black "KamranShirazi"]
[Result "0-1"]
[WhiteElo "2441"]
[BlackElo "2472"]
[PlyCount "52"]
[EventDate "2021.??.??"]
[EventType "blitz"]

1. e4 e5 2. Nf3 d5 3. exd5 e4 4. Ne5 Qxd5 5. d4 exd3 6. Nxd3 Bd6 7. Nc3 Qf5 8.
Qe2+ Be6 9. Qe4 Nc6 10. Qxf5 Bxf5 11. Be3 Nf6 12. h3 O-O-O 13. O-O-O Rhe8 14.
g4 Bg6 15. Bg2 Bxd3 16. Rxd3 Ne5 17. Rdd1 Nc4 18. Bg5 Be5 19. Rxd8+ Rxd8 20.
Re1 Bd4 21. Re2 h6 22. Bh4 Rd6 23. g5 hxg5 24. Bxg5 Nxb2 25. Bxf6 Bxf6 26. Ne4
Rd1# {Normal} 0-1

[Event "Rated Blitz tournament HbGpH8wg"]
[Site "?"]
[Date "2021.05.30"]
[Round "?"]
[White "masmos97"]
[Black "om_gendut"]
[Result "1-0"]
[WhiteElo "2618"]
[BlackElo "2425"]
[PlyCount "79"]
[EventDate "2021.??.??"]
[EventType "blitz"]

1. e4 e5 2. Nf3 d5 3. exd5 e4 4. Ne5 Qxd5 5. d4 exd3 6. Nxd3 Nf6 7. Nc3 Qe6+ 8.
Be2 Bd6 9. O-O O-O 10. Bf4 Nc6 11. Nb5 Bxf4 12. Nxf4 Qe5 13. g3 a6 14. Nc3 Bf5
15. Bd3 Rad8 16. Re1 Qa5 17. a3 Bxd3 18. Nxd3 Rfe8 19. Rxe8+ Rxe8 20. Qf3 Nd4
21. Qxb7 Nxc2 22. Rc1 Nd4 23. Qb4 Qb6 24. Qxb6 cxb6 25. Kg2 h5 26. Nb4 a5 27.
Nbd5 Nxd5 28. Nxd5 Re2 29. Nxb6 Rxb2 30. Nc4 Rb3 31. Rd1 Ne6 32. Rd5 Rc3 33.
Nxa5 Rxa3 34. Nc6 g6 35. Rd7 Ra8 36. Ne5 Rf8 37. Re7 Kg7 38. Ra7 Rd8 39. Rxf7+
Kg8 40. Rf6 {Normal} 1-0

[Event "Rated Blitz game"]
[Site "?"]
[Date "2021.05.30"]
[Round "?"]
[White "ZAN_GUREEZ123"]
[Black "KinzyabulatovRenat"]
[Result "1-0"]
[WhiteElo "2508"]
[BlackElo "2376"]
[PlyCount "111"]
[EventDate "2021.??.??"]
[EventType "blitz"]

1. e4 e5 2. Nf3 d5 3. exd5 e4 4. Qe2 Nf6 5. d3 Qxd5 6. Nc3 Bb4 7. dxe4 Qxe4 8.
Nd2 Qe6 9. Qxe6+ Bxe6 10. Bd3 Nc6 11. O-O Ne5 12. Be2 O-O-O 13. Nf3 Bxc3 14.
bxc3 Nc4 15. Rb1 b6 16. a4 a5 17. Bf4 Nh5 18. Bg5 Rd7 19. Rfe1 h6 20. Bc1 Rhd8
21. h4 Nf6 22. Bf4 Nh5 23. Bc1 Kb7 24. Kh2 Nf6 25. Bxc4 Bxc4 26. Ne5 Be6 27.
Nxd7 Rxd7 28. f3 Nd5 29. Bd2 Ne7 30. Red1 Nf5 31. Be1 Re7 32. g4 Ne3 33. Rd2 h5
34. Bf2 Nd5 35. Bd4 hxg4 36. fxg4 Bxg4 37. Bxg7 f6 38. Bh6 Nxc3 39. Rb3 Nxa4
40. Bf8 Rd7 41. Rxd7 Bxd7 42. h5 Be6 43. h6 Bf5 44. Rf3 Bxc2 45. Rxf6 Nc5 46.
Bxc5 bxc5 47. Kg3 a4 48. Rf2 Bh7 49. Ra2 Kb6 50. Rxa4 Kb5 51. Ra7 c6 52. Rxh7
c4 53. Rb7+ Ka6 54. Rb1 c3 55. h7 c2 56. Rc1 {Time forfeit} 1-0

[Event "Rated Blitz tournament 7wsz80Dw"]
[Site "?"]
[Date "2021.05.30"]
[Round "?"]
[White "anastasop"]
[Black "Schachelite"]
[Result "0-1"]
[WhiteElo "2318"]
[BlackElo "2429"]
[PlyCount "34"]
[EventDate "2021.??.??"]
[EventType "blitz"]

1. e4 e5 2. Nf3 d5 3. d3 dxe4 4. dxe4 Qxd1+ 5. Kxd1 Bg4 6. Nbd2 Nc6 7. h3 Bxf3+
8. Nxf3 Bc5 9. Ke1 O-O-O 10. c3 Nf6 11. Ng5 Rd7 12. Be2 h6 13. Nf3 Nxe4 14. Nh4
Bxf2+ 15. Kf1 Bxh4 16. Bg4 Ng3+ 17. Kg1 f5 {Normal} 0-1

[Event "Rated Blitz game"]
[Site "?"]
[Date "2021.05.30"]
[Round "?"]
[White "molinov"]
[Black "KinzyabulatovRenat"]
[Result "0-1"]
[WhiteElo "2440"]
[BlackElo "2354"]
[PlyCount "112"]
[EventDate "2021.??.??"]
[EventType "blitz"]

1. e4 e5 2. Nf3 d5 3. exd5 e4 4. Ne5 Qxd5 5. d4 exd3 6. Nxd3 Nc6 7. Nc3 Qa5 8.
Be2 Bf5 9. O-O O-O-O 10. Bd2 Nd4 11. Bg4 Nf6 12. Bxf5+ Qxf5 13. Be3 Nxc2 14.
Qxc2 Qxd3 15. Qa4 a6 16. Rac1 Bd6 17. Rfd1 Qf5 18. Ne2 Ng4 19. Bf4 Bxf4 20.
Qxf4 Qxf4 21. Nxf4 Rxd1+ 22. Rxd1 Rd8 23. Rxd8+ Kxd8 24. f3 Ne3 25. b3 Nd1 26.
Nh5 g6 27. Nf6 h5 28. Nd5 c6 29. Nf4 Nc3 30. a4 b5 31. axb5 axb5 32. Kf2 Kc7
33. Nd3 Kd6 34. Ke3 Kd5 35. Kd2 Kd4 36. Nf2 Nd5 37. Ne4 c5 38. Nd6 Nc7 39. Nxf7
c4 40. bxc4 bxc4 41. Kc2 Nd5 42. Nd6 Ne3+ 43. Kd2 Nxg2 44. Ne4 Nf4 45. h4 Ng2
46. Ng5 Nxh4 47. Ne6+ Ke5 48. Nf8 Nxf3+ 49. Ke3 c3 50. Kd3 g5 51. Kxc3 g4 52.
Kd3 Kf4 53. Ng6+ Kg5 54. Ne7 g3 55. Ke3 g2 56. Kxf3 g1=Q {Normal} 0-1

[Event "Rated Blitz tournament bnbuUZFR"]
[Site "?"]
[Date "2021.05.30"]
[Round "?"]
[White "LelegVinna"]
[Black "Frutek"]
[Result "1/2-1/2"]
[WhiteElo "2537"]
[BlackElo "2598"]
[PlyCount "120"]
[EventDate "2021.??.??"]
[EventType "blitz"]

1. e4 e5 2. Nf3 d5 3. exd5 e4 4. Qe2 Nf6 5. Nc3 Bb4 6. Nxe4 O-O 7. c3 Nxe4 8.
Qxe4 Re8 9. Ne5 Bd6 10. d4 Nd7 11. f4 f6 12. Bd3 Nf8 13. Bd2 fxe5 14. fxe5 g6
15. O-O-O Bf5 16. Qe2 Bxd3 17. Qxd3 Be7 18. c4 Bg5 19. h4 Bxd2+ 20. Rxd2 b5 21.
h5 Qg5 22. c5 Rad8 23. d6 cxd6 24. exd6 Re3 25. Qc2 Ne6 26. Kb1 Qd5 27. hxg6 h5
28. Rhd1 Rc8 29. b4 a5 30. Rd3 Rxd3 31. Qxd3 axb4 32. Qb3 Qe4+ 33. Qd3 Qd5 34.
Qb3 Qe4+ 35. Ka1 Kg7 36. Qf3 Qxf3 37. gxf3 Kxg6 38. Kb2 Kf6 39. Kb3 h4 40. Kxb4
h3 41. Kxb5 h2 42. d7 Rb8+ 43. Kc6 Nxd4+ 44. Kd6 Nf5+ 45. Kc7 Rh8 46. d8=Q+
Rxd8 47. Kxd8 Ne3 48. Rh1 Nc4 49. Rxh2 Ne5 50. c6 Nxc6+ 51. Kd7 Nd4 52. Kd6 Kf5
53. Rh4 Nxf3 54. Rh8 Ke4 55. Rb8 Nd4 56. Rb4 Kd3 57. Rxd4+ Kxd4 58. a4 Kc4 59.
a5 Kb5 60. a6 Kxa6 {Normal} 1/2-1/2

[Event "Rated Blitz game"]
[Site "?"]
[Date "2021.05.30"]
[Round "?"]
[White "MityshevS"]
[Black "KamranShirazi"]
[Result "0-1"]
[WhiteElo "2394"]
[BlackElo "2472"]
[PlyCount "120"]
[EventDate "2021.??.??"]
[EventType "blitz"]

1. e4 e5 2. Nf3 d5 3. exd5 e4 4. Nd4 Qxd5 5. Nb3 Bd6 6. Nc3 Qe5 7. Be2 Bf5 8.
d3 exd3 9. cxd3 Nc6 10. Be3 O-O-O 11. d4 Qe8 12. O-O Nf6 13. Bf3 Ne4 14. Nxe4
Bxe4 15. Rc1 f5 16. Bxe4 Qxe4 17. d5 Nb4 18. Qd4 Qxd4 19. Bxd4 a6 20. Bxg7 Rhg8
21. Bf6 Rdf8 22. Bh4 Nd3 23. Rc2 Rg4 24. g3 Nb4 25. Rd2 Nxa2 26. Nd4 f4 27. Kg2
Nb4 28. Ne6 Rfg8 29. Kh3 f3 30. Re1 h5 31. Re3 Rc4 32. Rxf3 Rc1 33. Rf7 Rg1 34.
f4 Kb8 35. Rd4 Nc2 36. Rc4 Ne3 37. Re4 Ng4 38. Re2 a5 39. Rh7 a4 40. Rxh5 Nf6
41. Rg5 Rh8 42. Rg6 Nxd5 43. f5 Ne7 44. Rg7 Nxf5 45. Rg4 b5 46. Nf4 Nxh4 47.
Rxh4 Rg8 48. Rg4 Rh8+ 49. Rh4 Rf8 50. Rg4 Bxf4 51. Rxf4 Rh8+ 52. Kg4 Rg8+ 53.
Kf3 Kb7 54. Rf2 Kb6 55. Rg4 c6 56. Rxg8 a3 57. Re2 axb2 58. Rxb2 Kc5 59. Re2
Rf1+ 60. Kg4 Rc1 {Time forfeit} 0-1

[Event "Rated Blitz tournament RbTukdJ8"]
[Site "?"]
[Date "2021.05.30"]
[Round "?"]
[White "Artak_Manukyan"]
[Black "ThePuB"]
[Result "1-0"]
[WhiteElo "2411"]
[BlackElo "2295"]
[PlyCount "87"]
[EventDate "2021.??.??"]
[EventType "blitz"]

1. e4 e5 2. Nf3 d5 3. d4 dxe4 4. Nxe5 Bd6 5. Nc4 Nf6 6. Bg5 Bf5 7. Ne3 Bg6 8.
Nc3 Nbd7 9. Ncd5 c6 10. Nxf6+ Nxf6 11. h4 h6 12. Bxf6 Qxf6 13. h5 Bh7 14. c3
O-O 15. Bc4 Kh8 16. Qg4 a5 17. a4 Bf4 18. g3 Bg5 19. O-O Qd6 20. Rae1 f5 21.
Qh3 f4 22. gxf4 Rxf4 23. Qe6 Qf8 24. Ng2 Rf6 25. Qd7 b6 26. Qg4 Re8 27. f4 exf3
28. Rxe8 Qxe8 29. Rxf3 b5 30. Rxf6 Bxf6 31. Qe6 Qb8 32. axb5 cxb5 33. Bd5 b4
34. c4 Bxd4+ 35. Kf1 Bd3+ 36. Ke1 Qg3+ 37. Kd2 Qxg2+ 38. Kxd3 Qg3+ 39. Kxd4
Qf4+ 40. Kc5 Qf8+ 41. Kb5 Qb8+ 42. Ka4 Kh7 43. Qg6+ Kh8 44. Qf7 {Time forfeit}
1-0

[Event "Rated Blitz game"]
[Site "?"]
[Date "2021.05.29"]
[Round "?"]
[White "Barcaa"]
[Black "DarthZannah"]
[Result "0-1"]
[WhiteElo "2459"]
[BlackElo "2549"]
[PlyCount "132"]
[EventDate "2021.??.??"]
[EventType "blitz"]

1. e4 e5 2. Nf3 d5 3. exd5 e4 4. Qe2 Nf6 5. Nc3 Be7 6. Nxe4 O-O 7. c4 Re8 8. d3
c6 9. d6 Bxd6 10. Qc2 Bf5 11. Bg5 Qa5+ 12. Bd2 Bb4 13. Be2 Nxe4 14. dxe4 Bxe4
15. Bxb4 Qxb4+ 16. Qc3 Qxc3+ 17. bxc3 Bd3 18. Nd4 c5 19. Kd2 Bxe2 20. Nxe2 Nc6
21. Rhe1 Ne5 22. Nf4 Nxc4+ 23. Kc2 b6 24. a4 f6 25. Nd5 Kf7 26. Nc7 Rxe1 27.
Rxe1 Rc8 28. Nd5 Rd8 29. Re7+ Kf8 30. Re4 Na3+ 31. Kb3 Rxd5 32. Kxa3 Rd2 33.
Rf4 Ke7 34. a5 Kd6 35. axb6 axb6 36. Kb3 b5 37. h4 Kc6 38. h5 c4+ 39. Ka3 Rc2
40. Rf3 h6 41. Rg3 Rxf2 42. Rxg7 Rf5 43. Rg6 Rxh5 44. Kb4 Rf5 45. Rxh6 Rf2 46.
g4 Rb2+ 47. Ka3 Rb3+ 48. Ka2 Rxc3 49. g5 Rf3 50. gxf6 Kd6 51. Kb2 Ke6 52. f7+
Kxf7 53. Rb6 Rb3+ 54. Kc2 Ke7 55. Rb8 Kd6 56. Rb6+ Kc5 57. Rb8 Kb4 58. Ra8 Rh3
59. Kd2 Rh2+ 60. Ke3 Kb3 61. Rb8 b4 62. Kd4 c3 63. Kc5 Rh4 64. Rg8 Rc4+ 65. Kd5
c2 66. Rg3+ Rc3 {Normal} 0-1

[Event "Rated Blitz game"]
[Site "?"]
[Date "2021.05.29"]
[Round "?"]
[White "TalsStudent"]
[Black "Chesspirate_Channel"]
[Result "1-0"]
[WhiteElo "2618"]
[BlackElo "2427"]
[PlyCount "85"]
[EventDate "2021.??.??"]
[EventType "blitz"]

1. e4 e5 2. Nf3 d5 3. Nxe5 Bd6 4. d4 dxe4 5. Bc4 Bxe5 6. Qh5 Qe7 7. Qxe5 Qxe5
8. dxe5 Nc6 9. Bf4 Nge7 10. Nc3 Ng6 11. Bg3 Ngxe5 12. Bb5 Bd7 13. Nxe4 O-O-O
14. O-O-O h5 15. h4 f6 16. Nc5 Bf5 17. Rhe1 Rxd1+ 18. Rxd1 Rd8 19. Rxd8+ Nxd8
20. Be2 g6 21. Kd2 Ndc6 22. c3 b6 23. Nb3 Kd7 24. Nd4 Nxd4 25. cxd4 Nf7 26.
Bb5+ c6 27. Be2 Nd6 28. f3 Be6 29. a3 Bd5 30. Bf2 f5 31. g3 Ke6 32. Bd1 b5 33.
b3 a5 34. Ke3 a4 35. bxa4 Nc4+ 36. Kf4 Nxa3 37. a5 b4 38. Be3 b3 39. Bc1 Nb5
40. a6 Nxd4 41. a7 c5 42. Bb2 Nc6 43. a8=Q {Normal} 1-0

[Event "Rated Blitz game"]
[Site "?"]
[Date "2021.05.29"]
[Round "?"]
[White "stuffings"]
[Black "elcabusin"]
[Result "1-0"]
[WhiteElo "2405"]
[BlackElo "2384"]
[PlyCount "115"]
[EventDate "2021.??.??"]
[EventType "blitz"]

1. e4 e5 2. Nf3 d5 3. exd5 e4 4. Nd4 Qxd5 5. Ne2 Nf6 6. Nbc3 Qe5 7. d4 exd3 8.
Qxd3 Nc6 9. Bf4 Qa5 10. O-O-O Bf5 11. Qb5 Bb4 12. a3 Bxc3 13. Nxc3 O-O 14. Qxa5
Nxa5 15. Bxc7 Nc6 16. h3 Rac8 17. Bd6 Rfd8 18. Bb5 a6 19. Ba4 b5 20. Bb3 h5 21.
Rhe1 Bg6 22. Bf4 Nd4 23. Bg5 a5 24. Bxf6 gxf6 25. a4 b4 26. Rxd4 Rxd4 27. Nd5
Rxd5 28. Bxd5 Rxc2+ 29. Kd1 Rxb2 30. Re8+ Kg7 31. Ra8 Rxf2 32. Rxa5 b3 33. Bxb3
Rxg2 34. Rb5 h4 35. a5 Bh5+ 36. Kc1 Rg1+ 37. Kb2 Rg2+ 38. Ka3 Rg3 39. a6 Be2
40. Rb6 Rxh3 41. a7 Bf3 42. Kb4 Ba8 43. Rb8 Be4 44. Kc5 Rg3 45. Bd5 Rg5 46.
a8=Q Bxd5 47. Rg8+ Kh6 48. Qf8+ Kh5 49. Rxg5+ fxg5 50. Kxd5 Kg4 51. Qxf7 h3 52.
Ke4 h2 53. Qf3+ Kh4 54. Qh1 Kh3 55. Kf3 g4+ 56. Kf2 g3+ 57. Kf3 Kh4 58. Kg2 {
Time forfeit} 1-0

[Event "Rated Blitz game"]
[Site "?"]
[Date "2021.05.29"]
[Round "?"]
[White "Ahmed-abdelsattar"]
[Black "DarthZannah"]
[Result "0-1"]
[WhiteElo "2472"]
[BlackElo "2544"]
[PlyCount "58"]
[EventDate "2021.??.??"]
[EventType "blitz"]

1. e4 e5 2. Nf3 d5 3. Nxe5 dxe4 4. d4 Nd7 5. Nc4 Nb6 6. Nxb6 axb6 7. Bc4 Nf6 8.
O-O Bd6 9. Bg5 O-O 10. Nc3 Re8 11. Re1 Bf5 12. Nd5 Be7 13. Nxe7+ Qxe7 14. c3 h6
15. Bh4 g5 16. Bg3 Bg6 17. h4 c6 18. hxg5 hxg5 19. Be5 Nd7 20. Bh2 Kg7 21. Qg4
f5 22. Qg3 f4 23. Qg4 Rh8 24. Qe6 Qxe6 25. Bxe6 Nf6 26. g3 f3 27. g4 Rh3 28.
Bf5 Rah8 29. Bxg6 Kxg6 {Normal} 0-1

[Event "Rated Blitz game"]
[Site "?"]
[Date "2021.05.29"]
[Round "?"]
[White "vldman"]
[Black "oALYHoTANGco"]
[Result "1-0"]
[WhiteElo "2409"]
[BlackElo "2311"]
[PlyCount "79"]
[EventDate "2021.??.??"]
[EventType "blitz"]

1. e4 e5 2. Nf3 d5 3. Nxe5 dxe4 4. d4 Bd6 5. Nc4 Nc6 6. Nc3 Nf6 7. Bg5 Bf5 8.
Qd2 Bb4 9. O-O-O h6 10. Bxf6 Qxf6 11. a3 Bxc3 12. Qxc3 O-O-O 13. d5 Qxc3 14.
bxc3 Bg4 15. Rd2 Ne7 16. Ne3 Bh5 17. c4 f5 18. Be2 Bf7 19. g3 g5 20. h4 f4 21.
Ng4 Bh5 22. Ne5 e3 23. fxe3 fxe3 24. Bxh5 exd2+ 25. Kxd2 c6 26. Nf7 cxd5 27.
Nxh8 dxc4+ 28. Kc3 Rxh8 29. Bg4+ Kc7 30. hxg5 b5 31. gxh6 Ng8 32. h7 Nf6 33.
Bf5 Kd6 34. g4 Ke5 35. Kb4 a6 36. Ka5 Kf4 37. Kxa6 Nd5 38. Kxb5 c3 39. Kc4 Ke5
40. Re1+ {Normal} 1-0

[Event "Rated Blitz tournament l8CrvA0L"]
[Site "?"]
[Date "2021.05.29"]
[Round "?"]
[White "hriday2006"]
[Black "dr_xStranger"]
[Result "1-0"]
[WhiteElo "2610"]
[BlackElo "2481"]
[PlyCount "61"]
[EventDate "2021.??.??"]
[EventType "blitz"]

1. e4 e5 2. Nf3 d5 3. Nxe5 Bd6 4. d4 dxe4 5. Bc4 Bxe5 6. dxe5 Qxd1+ 7. Kxd1 Nc6
8. Nc3 Bf5 9. Bb3 Nge7 10. Bd2 Nxe5 11. Re1 O-O-O 12. Nxe4 Bxe4 13. Rxe4 N7c6
14. Ke1 Rhe8 15. Bc3 f6 16. Kf1 h5 17. Rae1 g5 18. f3 h4 19. f4 gxf4 20. Rxf4
h3 21. g3 Kb8 22. Rxf6 Ng4 23. Rxe8 Rxe8 24. Rf4 Ne3+ 25. Kg1 a6 26. g4 b5 27.
g5 a5 28. g6 a4 29. g7 Nc4 30. Bxc4 bxc4 31. Rf8 {Normal} 1-0

[Event "Rated Rapid game"]
[Site "?"]
[Date "2021.05.29"]
[Round "?"]
[White "Gmjaknour"]
[Black "Gmelhor"]
[Result "0-1"]
[WhiteElo "2455"]
[BlackElo "2668"]
[PlyCount "48"]
[EventDate "2021.??.??"]
[EventType "rapid"]

1. e4 e5 2. Nf3 d5 3. Nxe5 Nd7 4. Nxd7 Qxd7 5. exd5 Qxd5 6. d4 Be6 7. Nc3 Bb4
8. Be3 O-O-O 9. a3 Bxc3+ 10. bxc3 Nf6 11. Rb1 Rhe8 12. f3 Qa5 13. Qd3 Nd5 14.
Be2 Nxe3 15. Kf2 Bc4 16. Qd2 Bxe2 17. Qxe2 Ng4+ 18. fxg4 Rxe2+ 19. Kxe2 Qxc3
20. Rhd1 Qxc2+ 21. Kf1 Rxd4 22. Re1 Rf4+ 23. Kg1 b6 24. a4 Rf2 {Normal} 0-1

[Event "Rated Rapid game"]
[Site "?"]
[Date "2021.05.29"]
[Round "?"]
[White "Gmelhor"]
[Black "Gmjaknour"]
[Result "1-0"]
[WhiteElo "2684"]
[BlackElo "2450"]
[PlyCount "65"]
[EventDate "2021.??.??"]
[EventType "rapid"]

1. e4 e5 2. Nf3 d5 3. exd5 e4 4. Bb5+ c6 5. dxc6 bxc6 6. Qe2 cxb5 7. Qxb5+ Bd7
8. Qe2 Be7 9. Nd4 Nf6 10. O-O O-O 11. Nc3 Nc6 12. Ndb5 Nb4 13. Na3 Bg4 14. Qe3
Bf5 15. Re1 Qd6 16. b3 Ng4 17. Qh3 Bh4 18. Re2 Qf4 19. d3 Bxf2+ 20. Kh1 Be3 21.
Bxe3 Nxe3 22. Qxe3 Qxe3 23. Rxe3 exd3 24. cxd3 Nxd3 25. Nd5 Kh8 26. Ne7 Be4 27.
Nc4 Nf2+ 28. Kg1 Rfe8 29. Kxf2 Rxe7 30. Rae1 Rae8 31. Nd6 Bc6 32. Nxe8 Rxe3 33.
Rxe3 {Normal} 1-0

[Event "Rated Blitz game"]
[Site "?"]
[Date "2021.05.29"]
[Round "?"]
[White "DanOF"]
[Black "pasha1984"]
[Result "1-0"]
[WhiteElo "2413"]
[BlackElo "2407"]
[PlyCount "169"]
[EventDate "2021.??.??"]
[EventType "blitz"]

1. e4 e5 2. Nf3 d5 3. exd5 e4 4. Ne5 Qxd5 5. d4 exd3 6. Nxd3 Bf5 7. Nc3 Qe6+ 8.
Be3 Nc6 9. Be2 O-O-O 10. O-O Nf6 11. Qe1 Bd6 12. Nb5 Kb8 13. Nxd6 Qxd6 14. Qc3
Nd5 15. Qxg7 Nxe3 16. fxe3 Rhg8 17. Qxf7 Rdf8 18. Qh5 Qe6 19. e4 Qxe4 20. Bf3
Qd4+ 21. Kh1 Bxd3 22. cxd3 Ne5 23. Be4 Nxd3 24. Bxd3 Qxd3 25. Rxf8+ Rxf8 26. h3
a6 27. Rd1 Rf1+ 28. Rxf1 Qxf1+ 29. Kh2 Qf4+ 30. Kh1 Qc1+ 31. Kh2 Qxb2 32. Qxh7
Qe5+ 33. Kg1 c5 34. h4 b5 35. h5 c4 36. Qg8+ Kc7 37. Qf7+ Kd6 38. Qg6+ Qe6 39.
Qg3+ Kc5 40. Qf2+ Kb4 41. Qb2+ Kc5 42. Qd2 b4 43. h6 c3 44. Qf2+ Kc4 45. h7 Qh6
46. Qf7+ Kd3 47. Qf5+ Kd2 48. Qd5+ Ke2 49. Qf3+ Kd2 50. Qf2+ Kd1 51. Qd4+ Ke2
52. h8=Q Qxh8 53. Qxh8 c2 54. Qb2 Kd1 55. g4 c1=Q 56. Qxc1+ Kxc1 57. g5 Kb2 58.
g6 Kxa2 59. g7 b3 60. g8=Q a5 61. Qc4 a4 62. Qxa4+ Kb2 63. Kf2 Kc2 64. Ke2 Kc3
65. Kd1 b2 66. Qa2 Kb4 67. Qxb2+ Kc4 68. Kc2 Kd5 69. Qc3 Ke4 70. Qb3 Ke5 71.
Qc3+ Kf5 72. Qd3+ Ke6 73. Qc4+ Kf5 74. Qb4 Ke6 75. Qc5 Kf6 76. Qb5 Ke7 77. Kc3
Kf6 78. Kc4 Ke7 79. Qc5+ Kf6 80. Qb5 Ke7 81. Qb6 Kf7 82. Kc5 Kg7 83. Qd6 Kf7
84. Qc6 Kg7 85. Qd7+ {Time forfeit} 1-0

[Event "Rated Blitz game"]
[Site "?"]
[Date "2021.05.29"]
[Round "?"]
[White "vasiljev_alex2020"]
[Black "sssssss007"]
[Result "1-0"]
[WhiteElo "2409"]
[BlackElo "2385"]
[PlyCount "93"]
[EventDate "2021.??.??"]
[EventType "blitz"]

1. e4 e5 2. Nf3 d5 3. Nxe5 Bd6 4. d4 dxe4 5. Nc4 Nf6 6. Be2 O-O 7. O-O Be7 8.
Bf4 Nc6 9. c3 Be6 10. Nbd2 Nd5 11. Bg3 f5 12. Be5 Nxe5 13. Nxe5 Bd6 14. Bc4 Kh8
15. Qb3 c6 16. Qxb7 Qg5 17. Bxd5 Bxd5 18. f4 exf3 19. Ndxf3 Qd8 20. Nxc6 Bxc6
21. Qxc6 Rb8 22. Rf2 Bf4 23. Re1 Rb6 24. Qc4 Rg6 25. Ne5 Bxe5 26. Rxe5 f4 27.
Qe2 h6 28. Rf3 Qh4 29. Qe4 Rff6 30. Re8+ Kh7 31. Re5 Qg4 32. Qe2 Qd7 33. d5 Qa4
34. b3 Qa3 35. h3 Qc1+ 36. Kh2 Rd6 37. c4 a5 38. Qe4 Rdf6 39. Re6 Rxe6 40. dxe6
Qb2 41. Rxf4 Qc3 42. Rg4 Qf6 43. e7 Qxe7 44. Qxg6+ Kh8 45. Qe4 Qc7+ 46. g3 Qf7
47. Qa8+ {Time forfeit} 1-0

[Event "Rated Blitz tournament 0lAtOZjB"]
[Site "?"]
[Date "2021.05.29"]
[Round "?"]
[White "NaidichArkasha"]
[Black "vovaches"]
[Result "0-1"]
[WhiteElo "2238"]
[BlackElo "2516"]
[PlyCount "66"]
[EventDate "2021.??.??"]
[EventType "blitz"]

1. e4 e5 2. Nf3 d5 3. exd5 e4 4. Qe2 Nf6 5. d3 Qxd5 6. dxe4 Qxe4 7. Qxe4+ Nxe4
8. Bd3 Nc5 9. Bc4 Nc6 10. O-O Be6 11. Bxe6 Nxe6 12. Re1 O-O-O 13. Nc3 Ncd4 14.
Nxd4 Nxd4 15. Rd1 Nxc2 16. Rxd8+ Kxd8 17. Rb1 Bd6 18. Bg5+ f6 19. Bd2 Re8 20.
Rc1 Nb4 21. Nb5 Nd3 22. Rc2 Be5 23. Be3 Nxb2 24. Nxc7 Bxc7 25. Rxb2 b6 26. Kf1
Bxh2 27. Rd2+ Kc7 28. Rc2+ Kb7 29. Rd2 Kc6 30. Rc2+ Kd7 31. Rd2+ Bd6 32. Bf4
Re6 33. Rd5 Kc6 {Normal} 0-1

[Event "Rated Blitz game"]
[Site "?"]
[Date "2021.05.29"]
[Round "?"]
[White "RahmanAdel"]
[Black "Chesspirate_Channel"]
[Result "0-1"]
[WhiteElo "2470"]
[BlackElo "2434"]
[PlyCount "52"]
[EventDate "2021.??.??"]
[EventType "blitz"]

1. e4 e5 2. Nf3 d5 3. exd5 e4 4. Qe2 Nf6 5. d3 Be7 6. dxe4 O-O 7. Nc3 c6 8. Be3
Bb4 9. Qc4 Bxc3+ 10. Qxc3 Nxe4 11. Qd4 cxd5 12. O-O-O Be6 13. Bd3 Qa5 14. Bxe4
dxe4 15. Qxe4 Qxa2 16. Nd4 Bd5 17. Qg4 Rd8 18. Bg5 Nc6 19. Bxd8 Rxd8 20. Nb3
Bxb3 21. Rxd8+ Nxd8 22. cxb3 Qa1+ 23. Kc2 Qxh1 24. Qd7 Ne6 25. Qc8+ Nf8 26.
Qxb7 Qxh2 {Time forfeit} 0-1

[Event "Rated Blitz game"]
[Site "?"]
[Date "2021.05.29"]
[Round "?"]
[White "ericLH"]
[Black "KinzyabulatovRenat"]
[Result "1-0"]
[WhiteElo "2403"]
[BlackElo "2367"]
[PlyCount "85"]
[EventDate "2021.??.??"]
[EventType "blitz"]

1. e4 e5 2. Nf3 d5 3. Nxe5 Bd6 4. d4 dxe4 5. Nc4 Nf6 6. Nc3 O-O 7. Be2 Nc6 8.
Bg5 Be7 9. d5 Nxd5 10. Bxe7 Ndxe7 11. Qxd8 Rxd8 12. Nxe4 Nd4 13. Bd3 Be6 14.
O-O-O Nd5 15. Nc5 b6 16. Nxe6 Nxe6 17. Be4 c6 18. Ne5 Nc5 19. Bxd5 cxd5 20. Nc6
Rd7 21. Rxd5 Rxd5 22. Ne7+ Kf8 23. Nxd5 Rd8 24. Ne3 g6 25. Rd1 Rxd1+ 26. Kxd1
Ke7 27. f3 Ke6 28. Ke2 b5 29. b3 h5 30. Nf1 Ke5 31. Nd2 Kd4 32. Nb1 b4 33. Kd2
a5 34. c3+ Ke5 35. Ke3 f5 36. cxb4 f4+ 37. Ke2 axb4 38. Nd2 Kd4 39. Nb1 Nd3 40.
Kd2 g5 41. a3 bxa3 42. Nxa3 g4 43. Nc2+ {Time forfeit} 1-0

[Event "Rated Blitz tournament QtXZiuH8"]
[Site "?"]
[Date "2021.05.29"]
[Round "?"]
[White "onyxz"]
[Black "batasjon"]
[Result "0-1"]
[WhiteElo "2413"]
[BlackElo "2391"]
[PlyCount "82"]
[EventDate "2021.??.??"]
[EventType "blitz"]

1. e4 e5 2. Nf3 d5 3. Nxe5 Bd6 4. d4 dxe4 5. Nc4 Nf6 6. Nc3 O-O 7. Bg5 Be7 8.
Qd2 Nc6 9. O-O-O Bg4 10. Be2 Bxe2 11. Qxe2 Nd5 12. Bxe7 Nxc3 13. bxc3 Qxe7 14.
Rhe1 Rae8 15. d5 Nb8 16. f3 f5 17. g4 Qg5+ 18. Kb2 fxg4 19. fxe4 b5 20. Na5 Nd7
21. Nc6 Ne5 22. Qxb5 h5 23. a4 Nf3 24. Re2 h4 25. d6 cxd6 26. Rxd6 g3 27. hxg3
hxg3 28. Rg2 Qf4 29. Rg6 Rb8 30. Rxg7+ Kxg7 31. c4 Rxb5+ 32. axb5 Nh4 33. Rg1
Rf6 34. Nxa7 Qf2 35. c5 Qxg1 36. c6 Qxa7 37. c4 Qc5 38. Kc3 Rf3+ 39. Kd2 Qf2+
40. Kd1 Re3 41. Kc1 Re1# {Normal} 0-1